Unsettling settler societies (Record no. 93145)
[ view plain ]
| 000 -LEADER | |
|---|---|
| fixed length control field | 01534nam a2200397Ia 4500 |
| 082 04 - DEWEY DECIMAL CLASSIFICATION NUMBER | |
| Classification number | 305.3 |
| 245 00 - TITLE STATEMENT | |
| Title | Unsettling settler societies |
| 260 ## - PUBLICATION, DISTRIBUTION, ETC. (IMPRINT) | |
| Place of publication | London ; |
| -- | Thousand Oaks, Calif. : |
| Name of publisher | Sage, |
| Year of publication | 1995. |
| 300 ## - PHYSICAL DESCRIPTION | |
| Number of Pages | x, 335 p. |
| 490 1# - SERIES STATEMENT | |
| Series statement | Sage series on race and ethnic relations ; |
| 650 #0 - SUBJECT ADDED ENTRY--TOPICAL TERM | |
| Topical Term | Colonies |
| Topical Term | Sex role |
| Topical Term | Ethnic relations |
| 700 1# - ADDED ENTRY--PERSONAL NAME | |
| Personal name | Stasiulis, Daiva K. |
| Personal name | Yuval-Davis, Nira. |
| 856 40 - ELECTRONIC LOCATION AND ACCESS | |
| Uniform Resource Identifier | http://site.ebrary.com/lib/rucke/Doc?id=10567010 |
No items available.
